Holiday Quiz

Random Holiday Quiz

Mr. Holiday Quiz Stats

Quiz not verified by Sporcle

Challenge
Share
Tweet
Score 0/8 Timer 03:00
0 Plays Today
% Correct
St. Patricks Day
88%
4th of July
86%
Easter
84%
Halloween
82%
Christmas
78%
Canada Day
77%
Thanksgiving
69%
Talk Like a Pirate Day
56%

You're not logged in!

Compare scores with friends on all Sporcle quizzes.
Sign Up with Email
OR
Log In

You Might Also Like...

Show Comments

Extras

Top Quizzes Today


Score Distribution

Your Account Isn't Verified!

In order to create a playlist on Sporcle, you need to verify the email address you used during registration. Go to your Sporcle Settings to finish the process.